Paises de Asia Oriental - Estadísticas

Estadísticas generales
  • Esta prueba ha sido intentada 26 veces
  • La puntuación promedio es 6 de 6
Estadísticas de respuestas
País % Correcto
China
100%
Corea del Norte
100%
Corea del Sur
100%
Japón
100%
Taiwán
95%
Mongolia
86%
No se encontraron pruebas coincidentes
Distribución de puntuación
Porcentaje de gente con cada puntuación
Porcentaje por número respondido
Historial de tus puntuaciones
No has intentado esta prueba.